[Event "HUN-chT2 Toth 1314"]
[Site "Hungary"]
[Date "2014.04.27"]
[Round "11.4"]
[White "Marosi, Csaba"]
[Black "Halasz, Ferenc"]
[Result "1/2-1/2"]
[WhiteElo "2000"]
[BlackElo "2143"]
[PlyCount "47"]
[EventDate "2013.09.08"]
[EventType "team-tourn"]
[EventRounds "11"]
[EventCountry "HUN"]
[SourceTitle "EXT 2016"]
[Source "ChessBase"]
[SourceDate "2015.10.08"]
[SourceVersion "1"]
[SourceVersionDate "2015.10.08"]
[SourceQuality "1"]
[WhiteTeam "Kecskemet Takisz"]
[BlackTeam "Abony"]
[WhiteTeamCountry "HUN"]
[BlackTeamCountry "HUN"]

1. e4 d5 2. exd5 Qxd5 3. Nc3 Qa5 4. d4 c6 5. Bc4 Nf6 6. Bd2 Qb6 7. Bb3 Bf5 8. Qe2 e6 9. 0-0-0 Bb4 10. f3 Bxc3 11. Bxc3 Nd5 12. Bxd5 cxd5 13. g4 Bg6 14. Nh3 Nc6 15. Nf4 Qc7 16. Nxd5 Qd6 17. Ne3 0-0-0 18. Kb1 Rhe8 19. Nc4 Qf4 20. Qe3 Qc7 21. Ne5 Ne7 22. Nxg6 Nd5 23. Qd3 Nxc3+ 24. Qxc3 1/2-1/2

[Event "HUN-chT2 Toth 1213"]
[Site "Hungary"]
[Date "2013.02.17"]
[Round "7.4"]
[White "Halasz, Ferenc"]
[Black "Farkas, Sandor I"]
[Result "1-0"]
[WhiteElo "2095"]
[BlackElo "1925"]
[PlyCount "77"]
[EventDate "2012.09.16"]
[EventType "team-tourn"]
[EventRounds "11"]
[EventCountry "HUN"]
[SourceTitle "EXT 2014"]
[Source "ChessBase"]
[SourceDate "2013.11.20"]
[SourceVersion "1"]
[SourceVersionDate "2013.11.20"]
[SourceQuality "1"]
[WhiteTeam "Abony"]
[BlackTeam "Debrecen Sakkbaratok"]
[WhiteTeamCountry "HUN"]
[BlackTeamCountry "HUN"]

1. e4 e6 2. d4 d5 3. Nc3 Nf6 4. Bg5 Bb4 5. e5 h6 6. Bd2 Nfd7 7. Qg4 Bf8 8. f4 Nb6 9. Nf3 Nc6 10. Bb5 Bd7 11. a3 Ne7 12. Bd3 Nf5 13. Qh3 c5 14. Bxf5 exf5 15. dxc5 Bxc5 16. b4 Be7 17. Nd4 g6 18. 0-0 Be6 19. Qg3 Rg8 20. Qd3 Nc4 21. Nce2 Qd7 22. Nb3 Bd8 23. Bc3 Bb6+ 24. Bd4 Bxd4+ 25. Nexd4 b6 26. b5 Qe7 27. Nc6 Qb7 28. Nd2 Nxd2 29. Qxd2 Rc8 30. Qb4 Rc7 31. Rad1 Rd7 32. a4 a5 33. Qa3 g5 34. Rd3 gxf4 35. Rxf4 Rg4 36. Rg3 h5 37. h3 Rxg3 38. Qxg3 Re7 39. Qg8+ 1-0

[Event "HUN-chT2 Toth 1213"]
[Site "Hungary"]
[Date "2012.10.07"]
[Round "2.3"]
[White "Szasz, Janos"]
[Black "Halasz, Ferenc"]
[Result "1/2-1/2"]
[WhiteElo "1949"]
[BlackElo "2095"]
[PlyCount "20"]
[EventDate "2012.09.16"]
[EventType "team-tourn"]
[EventRounds "11"]
[EventCountry "HUN"]
[SourceTitle "EXT 2014"]
[Source "ChessBase"]
[SourceDate "2013.11.20"]
[SourceVersion "1"]
[SourceVersionDate "2013.11.20"]
[SourceQuality "1"]
[WhiteTeam "Mezobereny"]
[BlackTeam "Abony"]
[WhiteTeamCountry "HUN"]
[BlackTeamCountry "HUN"]

1. d4 Nf6 2. c4 e6 3. Nf3 b6 4. g3 Bb7 5. Bg2 Bb4+ 6. Bd2 Be7 7. 0-0 0-0 8. Nc3 d5 9. cxd5 exd5 10. Rc1 Ne4 1/2-1/2

[Event "HUN-chT2 Toth 1112"]
[Site "Hungary"]
[Date "2012.03.11"]
[Round "7.2"]
[White "Halasz, Ferenc"]
[Black "Kovacs, Zoltan"]
[Result "1/2-1/2"]
[WhiteElo "2101"]
[BlackElo "2075"]
[PlyCount "42"]
[EventDate "2011.09.25"]
[EventType "team-tourn"]
[EventRounds "11"]
[EventCountry "HUN"]
[SourceTitle "EXT 2013"]
[Source "ChessBase"]
[SourceDate "2012.11.22"]
[SourceVersion "1"]
[SourceVersionDate "2012.11.22"]
[SourceQuality "1"]
[WhiteTeam "Keviterv"]
[BlackTeam "KHTK"]
[WhiteTeamCountry "HUN"]
[BlackTeamCountry "HUN"]

1. e4 e6 2. d4 d5 3. Nc3 Nf6 4. Bg5 dxe4 5. Nxe4 Be7 6. Bxf6 gxf6 7. Nf3 a6 8. Qd2 b5 9. Qe3 Bb7 10. Bd3 Nd7 11. 0-0 Nb6 12. Qh6 Nd5 13. Qg7 Rf8 14. Ned2 f5 15. Rfe1 Nf6 16. Bxf5 Bxf3 17. Nxf3 Qd5 18. Re5 Qc6 19. Bxh7 0-0-0 20. Rae1 Rh8 21. Qxf7 Rxh7 1/2-1/2

[Event "HUN-chT2 Toth 1112"]
[Site "Hungary"]
[Date "2011.11.27"]
[Round "4.3"]
[White "Halasz, Ferenc"]
[Black "Adzic, Slobodan"]
[Result "0-1"]
[WhiteElo "2101"]
[BlackElo "2119"]
[PlyCount "74"]
[EventDate "2011.09.25"]
[EventType "team-tourn"]
[EventRounds "11"]
[EventCountry "HUN"]
[SourceTitle "EXT 2013"]
[Source "ChessBase"]
[SourceDate "2012.11.22"]
[SourceVersion "1"]
[SourceVersionDate "2012.11.22"]
[SourceQuality "1"]
[WhiteTeam "Keviterv"]
[BlackTeam "Roszke II"]
[WhiteTeamCountry "HUN"]
[BlackTeamCountry "HUN"]

1. e4 c5 2. Nf3 e6 3. c4 Qc7 4. Be2 a6 5. 0-0 Nf6 6. Nc3 b6 7. d4 cxd4 8. Nxd4 Bb7 9. Bd3 d6 10. Be3 Nbd7 11. Rc1 Nc5 12. f3 Nxd3 13. Qxd3 Rc8 14. Na4 Nd7 15. b3 Nc5 16. Nxc5 dxc5 17. Ne2 Bd6 18. h3 0-0 19. Rcd1 Rcd8 20. Qc2 Rd7 21. Rd2 Bh2+ 22. Kh1 Rxd2 23. Bxd2 Be5 24. Be3 f5 25. exf5 Rxf5 26. Qd3 Rf8 27. Rd1 Qf7 28. Qd7 h6 29. Qxf7+ Rxf7 30. Bg1 Rxf3 31. Bxc5 Rxh3+ 32. Kg1 Rh2 33. Bd6 Rxg2+ 34. Kf1 Rg5 35. Bxe5 Rxe5 36. Rd6 b5 37. Rb6 Be4 0-1

[Event "HUN-chT2 Toth 1112"]
[Site "Hungary"]
[Date "2011.09.25"]
[Round "1.3"]
[White "Halasz, Ferenc"]
[Black "Erdos, Boglarka"]
[Result "1/2-1/2"]
[WhiteElo "2101"]
[BlackElo "2208"]
[PlyCount "35"]
[EventDate "2011.09.25"]
[EventType "team-tourn"]
[EventRounds "11"]
[EventCountry "HUN"]
[SourceTitle "EXT 2013"]
[Source "ChessBase"]
[SourceDate "2012.11.22"]
[SourceVersion "1"]
[SourceVersionDate "2012.11.22"]
[SourceQuality "1"]
[WhiteTeam "Keviterv"]
[BlackTeam "Mako"]
[WhiteTeamCountry "HUN"]
[BlackTeamCountry "HUN"]

1. e4 e6 2. Qe2 d5 3. d3 dxe4 4. dxe4 e5 5. Nf3 Nc6 6. c3 Nf6 7. Bg5 Bc5 8. b4 Bd6 9. Nbd2 Bg4 10. Qe3 0-0 11. Bc4 Qe7 12. h3 Be6 13. 0-0 Rfd8 14. Rfd1 Rd7 15. Bxe6 Qxe6 16. Bxf6 Qxf6 17. Nc4 a6 18. Rd5 1/2-1/2

[Event "HUN-chT2 Toth 1011"]
[Site "Hungary"]
[Date "2011.03.27"]
[Round "7.3"]
[White "Kerekes, Attila"]
[Black "Halasz, Ferenc"]
[Result "1/2-1/2"]
[WhiteElo "2136"]
[BlackElo "2114"]
[PlyCount "61"]
[EventDate "2010.09.12"]
[EventType "team-tourn"]
[EventRounds "11"]
[EventCountry "HUN"]
[SourceTitle "EXT 2012"]
[Source "ChessBase"]
[SourceDate "2011.11.24"]
[SourceVersion "1"]
[SourceVersionDate "2011.11.24"]
[SourceQuality "1"]
[WhiteTeam "Bekes"]
[BlackTeam "Szolnok"]
[WhiteTeamCountry "HUN"]
[BlackTeamCountry "HUN"]

1. e4 d5 2. exd5 Qxd5 3. Nc3 Qa5 4. d4 c6 5. Nf3 Nf6 6. Bd3 Bg4 7. h3 Bh5 8. g4 Bg6 9. Ne5 Nbd7 10. Nc4 Qc7 11. f4 Bxd3 12. Qxd3 0-0-0 13. g5 Nh5 14. Qf3 g6 15. Be3 Bg7 16. 0-0-0 f6 17. Rhe1 fxg5 18. fxg5 Rhf8 19. Qg4 Rf5 20. Bd2 b5 21. Ne3 Rf4 22. Qe6 Rxd4 23. Qxe7 Qe5 24. Ng4 Qxe7 25. Rxe7 Nb6 26. Be3 Rxd1+ 27. Nxd1 Rd7 28. Re8+ Rd8 29. Re7 Rd7 30. Re8+ Rd8 31. Re7 1/2-1/2

[Event "HUN-chT2 Toth 1011"]
[Site "Hungary"]
[Date "2010.11.07"]
[Round "5.3"]
[White "Palasti, Ferenc"]
[Black "Halasz, Ferenc"]
[Result "1-0"]
[WhiteElo "1986"]
[BlackElo "2114"]
[PlyCount "113"]
[EventDate "2010.09.12"]
[EventType "team-tourn"]
[EventRounds "11"]
[EventCountry "HUN"]
[SourceTitle "EXT 2012"]
[Source "ChessBase"]
[SourceDate "2011.11.24"]
[SourceVersion "1"]
[SourceVersionDate "2011.11.24"]
[SourceQuality "1"]
[WhiteTeam "Csongrad Felegyhaza"]
[BlackTeam "Szolnok"]
[WhiteTeamCountry "HUN"]
[BlackTeamCountry "HUN"]

1. Nf3 Nf6 2. c4 e6 3. d4 d5 4. Nc3 Be7 5. Bf4 0-0 6. c5 Ne4 7. Qc2 Nxc3 8. Qxc3 c6 9. e3 Nd7 10. Bd3 Nf6 11. Nd2 Re8 12. Qc2 g6 13. h3 Nh5 14. Be5 Bf6 15. Bd6 e5 16. g4 Ng7 17. dxe5 Bxe5 18. Bxe5 Rxe5 19. Nf3 Qa5+ 20. Qd2 Qxd2+ 21. Kxd2 Re8 22. Rag1 Ne6 23. b4 a5 24. a3 axb4 25. axb4 Ra2+ 26. Bc2 b6 27. cxb6 Ra6 28. Kc3 Rxb6 29. Ra1 Ba6 30. Ra5 Rc8 31. Rha1 Bc4 32. Ne5 Bb5 33. Nd7 Rb7 34. Nc5 Nxc5 35. bxc5 Kg7 36. g5 f6 37. h4 fxg5 38. hxg5 Rf7 39. f4 Re8 40. Kd4 Be2 41. Ra7 Rfe7 42. Rxe7+ Rxe7 43. Ra8 Bb5 44. Rb8 h5 45. gxh6+ Kxh6 46. Rg8 Re6 47. f5 gxf5 48. Bxf5 Re7 49. Rg6+ Kh5 50. Re6 Ra7 51. Ke5 Ra4 52. Rg6 Rc4 53. Kf6 Kh4 54. Rg1 Ba4 55. e4 dxe4 56. Rg4+ Kh5 57. Rf4 1-0

[Event "HUN-chT2 Toth 1011"]
[Site "Hungary"]
[Date "2010.10.10"]
[Round "3.3"]
[White "Halasz, Ferenc"]
[Black "Nagy, Sandor"]
[Result "0-1"]
[WhiteElo "2114"]
[BlackElo "2087"]
[PlyCount "68"]
[EventDate "2010.09.12"]
[EventType "team-tourn"]
[EventRounds "11"]
[EventCountry "HUN"]
[SourceTitle "EXT 2012"]
[Source "ChessBase"]
[SourceDate "2011.11.24"]
[SourceVersion "1"]
[SourceVersionDate "2011.11.24"]
[SourceQuality "1"]
[WhiteTeam "Szolnok"]
[BlackTeam "Mezobereny"]
[WhiteTeamCountry "HUN"]
[BlackTeamCountry "HUN"]

1. e4 e6 2. d4 d5 3. e5 c5 4. c3 Nc6 5. Nf3 Qb6 6. a3 a5 7. Bd3 Bd7 8. Bc2 f5 9. exf6 Nxf6 10. 0-0 Bd6 11. dxc5 Bxc5 12. Qe2 0-0 13. h3 Qc7 14. Bg5 h6 15. Bh4 Bd6 16. Qd3 Ne7 17. Bxf6 Rxf6 18. Qh7+ Kf7 19. Nbd2 e5 20. Nh4 Qc8 21. c4 e4 22. cxd5 Qxc2 23. Nxe4 Qxb2 24. Nxf6 Qxf6 25. Qe4 Re8 26. Nf3 Ng6 27. Qd4 Ne5 28. Nd2 Kg8 29. f4 Qg6 30. fxe5 Bxe5 31. Qc4 Bxa1 32. Rxa1 Bxh3 33. Qf1 Bxg2 34. Qxg2 Qxg2+ 0-1

[Event "HUN-chT2 Erkel 0809"]
[Site "Hungary"]
[Date "2009.01.25"]
[Round "6.8"]
[White "Gombocz, Ferenc"]
[Black "Halasz, Ferenc"]
[Result "0-1"]
[WhiteElo "2032"]
[BlackElo "2126"]
[PlyCount "50"]
[EventDate "2008.10.26"]
[EventType "team-tourn"]
[EventRounds "11"]
[EventCountry "HUN"]
[SourceTitle "EXT 2010"]
[Source "ChessBase"]
[SourceDate "2010.11.25"]
[SourceVersion "1"]
[SourceVersionDate "2010.11.25"]
[SourceQuality "1"]
[WhiteTeam "TTC"]
[BlackTeam "Keviterv"]
[WhiteTeamCountry "HUN"]
[BlackTeamCountry "HUN"]

1. e4 d5 2. exd5 Qxd5 3. Nc3 Qa5 4. d4 c6 5. Bc4 Nf6 6. Bd2 Bf5 7. Nf3 e6 8. Qe2 Bb4 9. 0-0-0 Nbd7 10. Ne5 Nxe5 11. dxe5 Nd5 12. Bxd5 exd5 13. f4 h5 14. h3 h4 15. a3 Bxa3 16. Nb5 Bxb2+ 17. Kxb2 Qxb5+ 18. Qxb5 cxb5 19. Bb4 Be4 20. Rd2 Kd7 21. Re1 Ke6 22. Rf2 Rac8 23. Bc3 Rc5 24. Re3 Rhc8 25. g4 d4 0-1

[Event "HUN-chT2 Erkel 0809"]
[Site "Hungary"]
[Date "2009.01.11"]
[Round "5.8"]
[White "Vass, Istvan"]
[Black "Halasz, Ferenc"]
[Result "1/2-1/2"]
[WhiteElo "2100"]
[BlackElo "2126"]
[PlyCount "27"]
[EventDate "2008.10.26"]
[EventType "team-tourn"]
[EventRounds "11"]
[EventCountry "HUN"]
[SourceTitle "EXT 2010"]
[Source "ChessBase"]
[SourceDate "2010.11.25"]
[SourceVersion "1"]
[SourceVersionDate "2010.11.25"]
[SourceQuality "1"]
[WhiteTeam "MAFC"]
[BlackTeam "Keviterv"]
[WhiteTeamCountry "HUN"]
[BlackTeamCountry "HUN"]

1. e4 c6 2. d4 d5 3. Nc3 dxe4 4. Nxe4 Bf5 5. Ng3 Bg6 6. Nf3 Nd7 7. Bd3 e6 8. 0-0 Ngf6 9. Re1 Bd6 10. Nf5 Bxf5 11. Bxf5 0-0 12. Bd3 Qc7 13. h3 Rad8 14. c3 1/2-1/2

[Event "HUN-chT2 Erkel 0809"]
[Site "Hungary"]
[Date "2008.11.02"]
[Round "2.9"]
[White "Szlabey, Geza"]
[Black "Halasz, Ferenc"]
[Result "1-0"]
[WhiteElo "2008"]
[BlackElo "2126"]
[PlyCount "101"]
[EventDate "2008.10.26"]
[EventType "team-tourn"]
[EventRounds "11"]
[EventCountry "HUN"]
[SourceTitle "EXT 2010"]
[Source "ChessBase"]
[SourceDate "2010.11.25"]
[SourceVersion "1"]
[SourceVersionDate "2010.11.25"]
[SourceQuality "1"]
[WhiteTeam "Foti"]
[BlackTeam "Keviterv"]
[WhiteTeamCountry "HUN"]
[BlackTeamCountry "HUN"]

1. e4 d5 2. exd5 Qxd5 3. Nc3 Qa5 4. Nf3 Nf6 5. d4 c6 6. Bd3 Bg4 7. 0-0 e6 8. Ne4 Nxe4 9. Bxe4 Bd6 10. h3 Bh5 11. c4 0-0 12. Bd2 Bxf3 13. Bxa5 Bxd1 14. Raxd1 Nd7 15. g4 Rac8 16. f4 f5 17. gxf5 exf5 18. Bg2 Rfe8 19. Rde1 Rxe1 20. Bxe1 Re8 21. Bd2 Nf6 22. Bc1 Ne4 23. Re1 Kf7 24. Bf3 Re6 25. Bh5+ Kf6 26. Kg2 h6 27. Be3 g6 28. Bd1 Bb4 29. Re2 g5 30. Kf3 Re8 31. Bc2 Nd6 32. c5 Nc4 33. fxg5+ Kg6 34. gxh6 Nxe3 35. Rxe3 Rxe3+ 36. Kxe3 Kxh6 37. Kf4 b6 38. cxb6 axb6 39. Kxf5 Bd2 40. Ke5 Bc1 41. Be4 c5 42. d5 Bxb2+ 43. Ke6 Kg7 44. d6 b5 45. Bc6 b4 46. Kd5 Kf6 47. Kxc5 Bc3 48. Bd5 Be1 49. Kc6 Bg3 50. Bb3 Bf4 51. h4 1-0

[Event "Nyiregyhaza op"]
[Site "Nyiregyhaza"]
[Date "2008.07.25"]
[Round "5"]
[White "Serrer, Christoph"]
[Black "Halasz, Ferenc"]
[Result "1-0"]
[WhiteElo "2265"]
[BlackElo "2125"]
[PlyCount "73"]
[EventDate "2008.07.23"]
[EventType "swiss"]
[EventRounds "7"]
[EventCountry "HUN"]
[SourceTitle "EXT 2009"]
[Source "ChessBase"]
[SourceDate "2008.11.26"]
[SourceVersion "1"]
[SourceVersionDate "2008.11.26"]
[SourceQuality "1"]

1. d4 Nf6 2. Nf3 d5 3. c4 e6 4. Nc3 c6 5. cxd5 exd5 6. Qc2 g6 7. Bg5 Bg7 8. e3 Be6 9. Bd3 Nbd7 10. 0-0 h6 11. Bh4 g5 12. Bg3 Bg4 13. Ne5 Nxe5 14. Bxe5 Nh5 15. Bxg7 Nxg7 16. b4 Qd7 17. b5 Rc8 18. bxc6 bxc6 19. Rfc1 0-0 20. Ba6 Rb8 21. Na4 Bf5 22. Qc3 Qd6 23. Nc5 Rb6 24. Bd3 Rc8 25. Rab1 Bxd3 26. Nxd3 Ne6 27. Rb3 Ra6 28. Rc2 Ra4 29. Qb2 c5 30. dxc5 Qa6 31. g3 Rc4 32. Nb4 Rxc2 33. Qxc2 Qc4 34. Qf5 Rxc5 35. Nd3 Rc8 36. Ne5 Qc7 37. Rc3 1-0

[Event "HUN-chT2 Toth 0506"]
[Site "Hungary"]
[Date "2005.12.04"]
[Round "5"]
[White "Balla, Tibor"]
[Black "Halasz, Ferenc"]
[Result "0-1"]
[WhiteElo "2212"]
[BlackElo "2112"]
[PlyCount "102"]
[EventDate "2005.10.16"]
[EventType "team"]
[EventRounds "11"]
[EventCountry "HUN"]
[SourceTitle "EXT 2009"]
[Source "ChessBase"]
[SourceDate "2008.11.26"]
[SourceVersion "1"]
[SourceVersionDate "2008.11.26"]
[SourceQuality "1"]
[WhiteTeam "Battonya"]
[BlackTeam "Metroepszolg"]
[WhiteTeamCountry "HUN"]
[BlackTeamCountry "HUN"]

1. d4 d5 2. c4 c6 3. Bf4 e6 4. e3 Bd6 5. Bxd6 Qxd6 6. c5 Qc7 7. Qg4 f6 8. Bd3 e5 9. Qg3 Qe7 10. Bxh7 exd4 11. Bg6+ Kd8 12. Ne2 dxe3 13. fxe3 Qe5 14. Nbc3 Ne7 15. Bd3 Qxg3+ 16. Nxg3 Nd7 17. Na4 Ne5 18. Be2 Nf5 19. Nxf5 Bxf5 20. 0-0 Be4 21. Nc3 Bg6 22. b4 Kc7 23. h3 Rae8 24. Rf4 Bd3 25. Rf2 Bxe2 26. Rxe2 Rh4 27. a3 Rc4 28. Nd1 a5 29. Nb2 Rc3 30. Na4 Rb3 31. bxa5 Ra8 32. Rb2 Rxb2 33. Nxb2 Rxa5 34. Kf2 Rxc5 35. Nd1 Rc2+ 36. Kf1 b5 37. a4 b4 38. Rb1 c5 39. Rb2 Rxb2 40. Nxb2 c4 41. Ke2 c3 42. Nd3 Nxd3 43. Kxd3 Kb6 44. Kc2 Ka5 45. Kb3 c2 46. Kxc2 Kxa4 47. Kb2 b3 48. h4 Kb4 49. g4 Kc4 50. g5 fxg5 51. hxg5 g6 0-1

[Event "HUN-chT2 Toth 0506"]
[Site "Hungary"]
[Date "2005.11.27"]
[Round "4"]
[White "Deak, Zoltan"]
[Black "Halasz, Ferenc"]
[Result "1/2-1/2"]
[WhiteElo "2136"]
[BlackElo "2112"]
[PlyCount "25"]
[EventDate "2005.10.16"]
[EventType "team"]
[EventRounds "11"]
[EventCountry "HUN"]
[SourceTitle "EXT 2009"]
[Source "ChessBase"]
[SourceDate "2008.11.26"]
[SourceVersion "1"]
[SourceVersionDate "2008.11.26"]
[SourceQuality "1"]
[WhiteTeam "Bekes"]
[BlackTeam "Metroepszolg"]
[WhiteTeamCountry "HUN"]
[BlackTeamCountry "HUN"]

1. d4 e6 2. Nf3 Nf6 3. Bf4 b6 4. e3 Bb7 5. Nbd2 d5 6. c3 Bd6 7. Bb5+ c6 8. Bxd6 Qxd6 9. Be2 Nbd7 10. 0-0 0-0 11. c4 c5 12. Rc1 Ne4 13. cxd5 1/2-1/2